| 000 | 00414nam a2200169Ia 4500 | ||
|---|---|---|---|
| 001 | 13870 | ||
| 005 | 20250626030203.0 | ||
| 008 | 211022s9999 xx 000 0 und d | ||
| 082 | _a297.1241 AMR | ||
| 100 | _aAmrohvi, Khurshid Haider Khawar | ||
| 245 | 0 | _aZoq e La ilaha illallah Muhammadur Rasulullah | |
| 260 | _aKarachi | ||
| 260 | _bBazm e Tazieen e Adab | ||
| 260 | _c2007 | ||
| 300 | _a288 | ||
| 942 | _cBK | ||
| 999 |
_c8121 _d8121 |
||